Práctica de la otorrinolaringología y cirugía de cabeza y cuello (Registro nro. 167749)
[ vista simple ]
| 000 -ENCABEZADO | |
|---|---|
| Número de control [NR] | 01093cam a2200265 a 4500 |
| 005 - FECHA Y HORA DE LA ÚLTIMA TRANSACCIÓN | |
| control field | 20180313062218.0 |
| 008 - DE LONGITUD FIJA DE DATOS DE ELEMENTOS - INFORMACIÓN GENERAL | |
| Elementos de longitud fija [NR] | 121210s2012 mx ado frn 001 0dspa d |
| 020 ## - NUMERO INTERNACIONAL NORMALIZADO PARA LIBROS [R] | |
| Número Internacional Normalizado del libro [NR] | 9786077743712 |
| 040 ## - FUENTE DE CATALOGACION [NR] | |
| Agencia de catalogación original [NR] | CO-BoUCM |
| Idioma de catalogación [NR] | spa |
| Quien Cataloga | Jose A. Gerena (modificó) |
| Quien Clasifica | Aldemar Mondragón |
| 041 1# - CODIGO DE IDIOMA [R] | |
| Código de idioma para texto/pista de sonido o título separado [R] | Español |
| 060 ## - SIGNATURA TOPOGRAFICA DE LA BIBLIOTECA NACIONAL DE MEDICINA (NLM) [R] | |
| Número clasificador [R] | WV 168 |
| 100 1# - ASIENTO PRINCIPAL--NOMBRE PERSONAL [NR] | |
| Nombre personal [NR] | Prado Calleros, Héctor Manuel |
| ID Autoridad | 40127 |
| 245 10 - MENCION DE TITULO [NR] | |
| Título [NR] | Práctica de la otorrinolaringología y cirugía de cabeza y cuello |
| Mención de responsabilidad, etc. [NR] | Héctor Manuel Prado Calleros, José R. Arrieta Gómez, Alejandro Prado Abarca |
| 260 ## - PUBLICACION, DISTRIBUCION, ETC. (PIE DE IMPRENTA) [R] | |
| Lugar de publicación, distribución, etc. [R] | México |
| -- | Buenos Aires |
| Nombre del editor, distribuidor, etc. [R] | Médica Panamericana |
| Fecha de publicación, distribución, etc. [R] | 2012 |
| 300 ## - DESCRIPCION FISICA [R] | |
| Extensión [R] | xx, 1074 páginas |
| Otros detalles físicos [NR] | ilustraciones, gráficas y fotos |
| 504 ## - NOTA DE BIBLIOGRAFIA, ETC. [R] | |
| Nota de bibliografía, etc. [NR] | Incluye referencias bibliográficas e índices |
| 650 #7 - ASIENTO SECUNDARIO DE MATERIA - TERMINO TEMATICO [R] | |
| Término temático o nombre geográfico como elemento de entrada [NR] | Cabeza |
| 9 (RLIN) | 40129 |
| Subdivisión general [R] | Cirugía |
| 650 #7 - ASIENTO SECUNDARIO DE MATERIA - TERMINO TEMATICO [R] | |
| Término temático o nombre geográfico como elemento de entrada [NR] | Cuello |
| Subdivisión general [R] | Cirugía |
| 9 (RLIN) | 12241 |
| 650 #7 - ASIENTO SECUNDARIO DE MATERIA - TERMINO TEMATICO [R] | |
| Término temático o nombre geográfico como elemento de entrada [NR] | Otorrinolaringología operatoria |
| 9 (RLIN) | 20949 |
| 650 #7 - ASIENTO SECUNDARIO DE MATERIA - TERMINO TEMATICO [R] | |
| Término temático o nombre geográfico como elemento de entrada [NR] | Otorrinolaringología |
| Subdivisión general [R] | Diagnóstico |
| 9 (RLIN) | 40131 |
| 690 ## - ASUNTO AGREGADO LOCAL DE ENTRADA - TÉRMINO TEMÁTICO (OCLC, RLIN) | |
| Acceso temático local | Otorrinolaringología |
| 700 1# - ASIENTO SECUNDARIO - NOMBRE PERSONAL [R] | |
| Nombre personal [NR] | Arrieta Gómez, José R. |
| 9 (RLIN) | 40132 |
| 700 1# - ASIENTO SECUNDARIO - NOMBRE PERSONAL [R] | |
| Nombre personal [NR] | Prado Abarca, Alejandro |
| 9 (RLIN) | 40133 |
| 942 ## - ELEMENTOS DE ENTRADA AGREGADOS (KOHA) | |
| Tema principal | Medicina |
| Tipo de ítem principal el descrito en 300a | Libro |
| Edición | 1 |
| Parte restante de la signatura top. | P896p |
| Sistema de clasificación | NLM |
| Clasificación | WV 168 |
| Título oculto en OPAC | No |
| Fecha de último préstamo | Total préstamos | Total Renewals | Signatura topográfica | Código de barras | Última vez visto | Ejemplar | Costo de reposición | Price effective from | Tipo de ítem | Perdido | Sistema de clasificación | Dañado | No prestable | Tipo de ítem específico | Suprimido | Ubicación habitual | Ubicación actual | Localización | Fecha de creación | Proveedor | Forma de adquisición | Costo |
|---|---|---|---|---|---|---|---|---|---|---|---|---|---|---|---|---|---|---|---|---|---|---|
| 02/03/2021 | 38 | 34 | WV 168 P896p | 200026169 | 12/12/2025 | Ej.1 | 26000.00 | 19/06/2013 | Libro | NLM | Libro | Quinta de Mutis | Quinta de Mutis | 2do piso | 19/06/2013 | 12 | Donación | 0.00 | ||||
| 09/09/2019 | 20 | 17 | WV 168 P896p | 200028087 | 12/12/2025 | Ej.2 | 181500.00 | 01/12/2014 | Libro | NLM | Libro | Quinta de Mutis | Quinta de Mutis | 2do piso | 01/12/2014 | 34 | Compra | 181500.00 |